|
|
|
|
| LEADER |
00845cam a2200241 a 4500 |
| 001 |
0000091632 |
| 005 |
20090302090000.0 |
| 040 |
|
|
|a mod
|
| 041 |
|
|
|a eng
|
| 020 |
0 |
0 |
|a 0306801094
|
| 090 |
0 |
0 |
|a 940.5421
|b EIS
|e 1997
|
| 100 |
1 |
0 |
|a Eisenhower
|h Dwight D.
|y 1890-1969
|
| 245 |
1 |
0 |
|a Crusade in Europe
|c by Dwight D. Eisenhower
|f introduction by Manfred Jonas
|
| 260 |
0 |
0 |
|a Baltimore
|b The Johns Hopkins University Press
|c 1997
|
| 300 |
0 |
0 |
|a xiv, 559 p.
|c 21cm
|
| 500 |
0 |
0 |
|a A Giniger Book""
|
| 600 |
0 |
0 |
|a Eisenhower
|h Dwight D(Dwight David)
|y 1890-1969
|
| 650 |
0 |
0 |
|a World War
|x 1939-1945
|x Campaigns
|
| 650 |
0 |
0 |
|a World War
|x 1939-1945
|x Personal narratives
|z American
|
| 650 |
0 |
0 |
|a Presidents
|x United States
|x Biography
|
| 700 |
1 |
1 |
|a Jonas
|h Manfred
|
| 852 |
0 |
0 |
|a 01
|
| 999 |
|
|
|a 1000003951
|b Maktab Pertahanan Angkatan Tentera
|d BOOKS
|e Umum
|f MPAT
|j AVAILABLE
|q GOOD CONDITION
|